01508nab a22002057a 4500999001500000003000400015005001700019008004100036040000700077100004000084245016200124300001300286505069300299505007200992650003501064650002801099650005801127773010401185942001301289 c5848d5848OSt20260108211718.0190514b xxu||||| |||| 00| 0 spa d cPJ 9800aKemelmajer de Carlucci, Aída13aEl derecho al propio cuerpo de niños, niñas y adolescentes : bbalance, consolidación y desafíos en la aplicación del art. 26 /cAída Kemelmajer. ap. 41-56 aSumario: I. Propósito y límites.— II. Puntos de partida.— III. Consentimiento informado para el acto médico de los NNA.— IV. Un supuesto diferente. Información sobre el estado de salud del NNA.— V. El consentimiento informado para las transfusiones sanguíneas.— VI. Consentimiento para otras terapias médicas. El multiculturalismo.— VII. Salud mental, consumo de drogas. Internaciones.— VIII. Trasplante de órganos y consentimiento informado.— IX. Ligadura de trompas.— X. Interrupción del embarazo.— XI. Identidad de género.— XII. Directivas anticipadas.— XIII. Decisiones sobre el final de la vida.— XIV. Breves palabras para seguir pensando. tSi te interesa el texto, comunicate a koha@justierradelfuego.gov.ar 091497aCODIGO CIVIL Y COMERCIAL 09967aDERECHO DE FAMILIA 092741aDERECHOS DE LAS NIÑAS, NIÑOS Y ADOLESCENTES0 0284493222dBuenos Aires : AbeledoPerrot, 1989-tDerecho de familia. N° 120 - Julio 2025z18511201 2udccANA